Dejar a Dios ser Dios : imágenes de la divinidad /

Đã lưu trong:
Chi tiết về thư mục
Tác giả chính: Valles, Carlos G. (autor)
Định dạng: Sách
Ngôn ngữ:Tiếng Tây Ban Nha
Được phát hành: Santander, España : Sal Terrae, 1987, c1987
Phiên bản:3a edición
Loạt:(El Pozo de Siquem ; 28)
Những chủ đề:
Các nhãn: Thêm thẻ
Không có thẻ, Là người đầu tiên thẻ bản ghi này!

MARC

LEADER 00000nam^a2200000^a^4500
001 000214179
005 20250521000000.0
009 20260310103547.786
020 |a 84-293-0765-6 
035 |a 037137 
037 |a Acervo Xavier Clavigero 
041 |a ESP 
082 |a 275.  |b VAL 
100 |a Valles, Carlos G.  |e (autor) 
245 1 0 |a Dejar a Dios ser Dios :  |b imágenes de la divinidad /  |c C.G. Valles. 
250 |a 3a edición 
264 4 |a Santander, España :  |b Sal Terrae,  |c 1987, c1987 
300 |a 187 p. 
336 |a texto  |b txt  |2 rdacontenido 
337 |a sin mediación  |b n  |2 rdamedio 
338 |a volumen  |b nc  |2 rdasoporte 
440 4 |a (El Pozo de Siquem ;  |v 28) 
649 |a XX 
650 |a Dios -  |x Tema Principal 
910 |a Fondo General 
920 |a Impresos - Libros 
930 |a Colección General 
905 |a 101 
901 |a 037137  |b IT1  |c ACC  |i 037137  |u 20250521 
902 |a https://opac.biblio.iteso.mx/vufind/Record/000214179